Normal view
MARC view
- Hayes, Jeremiah .F
Entry Personal Name
001 - CONTROL NUMBER
- control field: 76294
003 - CONTROL NUMBER IDENTIFIER
- control field: NUST
005 - DATE AND TIME OF LATEST TRANSACTION
- control field: 20210628205623.0
008 - FIXED-LENGTH DATA ELEMENTS
- fixed length control field: 210628|| aca||aabn | a|a d
040 ## - CATALOGING SOURCE
- Original cataloging agency: NUST
- Transcribing agency: NUST
100 ## - HEADING--PERSONAL NAME
- Personal name: Hayes, Jeremiah .F
670 ## - SOURCE DATA FOUND
- Source citation: Work cat.: (NUST): Hayes, Jeremiah .F, Modeling and analysis of telecommuncations netwoeks, 2004
